[Event "Rated Blitz tournament 1NjSkiVv"]
[Site "?"]
[Date "2021.03.01"]
[Round "?"]
[White "steven2010"]
[Black "om_gendut"]
[Result "1-0"]
[WhiteElo "2280"]
[BlackElo "2404"]
[PlyCount "105"]
[EventDate "2021.??.??"]
[EventType "blitz"]

1. e4 e5 2. Nf3 d5 3. exd5 e4 4. Ne5 Qxd5 5. d4 exd3 6. Nxd3 Nf6 7. Be2 Bd6 8.
Bf3 Qe6+ 9. Be3 O-O 10. O-O Nbd7 11. Nc3 Ne5 12. Nxe5 Qxe5 13. g3 Bh3 14. Re1
Qf5 15. Qe2 Rfe8 16. Bxb7 Rab8 17. Bc6 Rf8 18. Rab1 Qg6 19. Nd5 Nxd5 20. Bxd5
Bf5 21. Bb3 a5 22. Rbd1 h5 23. Bd4 h4 24. Qd2 Bg4 25. Rc1 Qf5 26. Qd3 Qh5 27.
c4 hxg3 28. fxg3 Rbd8 29. Qe3 c5 30. Bc3 Be6 31. Qf2 Ra8 32. Bc2 a4 33. Be4
Rab8 34. Rcd1 Bg4 35. Rxd6 Be6 36. Bd5 Bxd5 37. Rxd5 Qg6 38. Qf4 Rfe8 39. Rg5
Rxe1+ 40. Bxe1 Qb6 41. Bc3 g6 42. Qh4 Kf8 43. Qh8+ Ke7 44. Re5+ Kd7 45. Qg7 Kc7
46. Qxf7+ Kc8 47. Re8+ Qd8 48. Rxd8+ Kxd8 49. Bf6+ Kc8 50. Qe8+ Kc7 51. Be5+
Kb6 52. Qxb8+ Kc6 53. Qc7# {Normal} 1-0

[Event "Rated Blitz game"]
[Site "?"]
[Date "2021.03.01"]
[Round "?"]
[White "skouliki"]
[Black "artsportscience"]
[Result "1-0"]
[WhiteElo "2405"]
[BlackElo "2310"]
[PlyCount "141"]
[EventDate "2021.??.??"]
[EventType "blitz"]

1. e4 e5 2. Nf3 d5 3. Nxe5 Bd6 4. d4 dxe4 5. Nc4 Nf6 6. Be2 O-O 7. O-O Be7 8.
Bg5 Bf5 9. Ne3 Bg6 10. c4 c6 11. Nc3 Nbd7 12. f3 Re8 13. f4 h6 14. f5 hxg5 15.
fxg6 fxg6 16. Bg4 Bd6 17. d5 Nxg4 18. Qxg4 Qe7 19. dxc6 bxc6 20. Rad1 Ne5 21.
Qe2 Nd3 22. Nxe4 Qxe4 23. Qxd3 Bc5 24. Rfe1 Bxe3+ 25. Kh1 Qxd3 26. Rxd3 Bf4 27.
Rxe8+ Rxe8 28. g3 Bc1 29. b4 Re1+ 30. Kg2 Re2+ 31. Kf3 Rxa2 32. Rd6 Ra4 33.
Rxg6 Rxb4 34. Rxc6 a5 35. Ke4 a4 36. Kd5 a3 37. Ra6 Rb7 38. c5 Rc7 39. c6 Bb2
40. Kd6 a2 41. Rxa2 Be5+ 42. Kxe5 Rxc6 43. Kf5 Rc5+ 44. Kg6 Rc6+ 45. Kxg5 Kh7
46. Ra5 Rc2 47. h4 Rc6 48. g4 Rg6+ 49. Kf5 Rf6+ 50. Ke4 Re6+ 51. Kf4 Rf6+ 52.
Kg3 Rd6 53. g5 Rd3+ 54. Kg4 Rd4+ 55. Kg3 Rd3+ 56. Kf4 Rd4+ 57. Kf5 Rxh4 58. Ra8
g6+ 59. Ke5 Rg4 60. Ra7+ Kg8 61. Kf6 Rc4 62. Kxg6 Rc6+ 63. Kh5 Rd6 64. g6 Kh8
65. Kh6 Rd8 66. Rh7+ Kg8 67. Rg7+ Kh8 68. Rb7 Kg8 69. Kg5 Rd5+ 70. Kf6 Rd8 71.
Ke7 {Time forfeit} 1-0

[Event "Rated Blitz game"]
[Site "?"]
[Date "2021.03.01"]
[Round "?"]
[White "Attacke2021"]
[Black "KamranShirazi"]
[Result "0-1"]
[WhiteElo "2405"]
[BlackElo "2564"]
[PlyCount "50"]
[EventDate "2021.??.??"]
[EventType "blitz"]

1. e4 e5 2. Nf3 d5 3. exd5 e4 4. Qe2 f5 5. d3 Nf6 6. Bg5 Bb4+ 7. c3 O-O 8. cxb4
exf3 9. Qxf3 Qe7+ 10. Be2 Qxb4+ 11. Nd2 Qxb2 12. O-O Qd4 13. Rac1 Na6 14. Bxf6
Qxf6 15. Nb3 Bd7 16. d4 Rac8 17. Bxa6 bxa6 18. Nc5 Bb5 19. Rfe1 Qxd4 20. Ne6
Qb6 21. Nxf8 Rxf8 22. Qf4 Rf7 23. a4 Bd7 24. Rxc7 Qa5 25. Rxa7 Qxe1# {Normal}
0-1

[Event "Rated Blitz game"]
[Site "?"]
[Date "2021.03.01"]
[Round "?"]
[White "diolley"]
[Black "magos33"]
[Result "1-0"]
[WhiteElo "2435"]
[BlackElo "2374"]
[PlyCount "85"]
[EventDate "2021.??.??"]
[EventType "blitz"]

1. e4 e5 2. Nf3 d5 3. Nxe5 Bd6 4. d4 dxe4 5. Nc4 Nf6 6. Nc3 O-O 7. Bg5 Be7 8.
Be2 Bf5 9. Ne3 Bg6 10. Qd2 c6 11. O-O-O Qa5 12. Nc4 Qc7 13. h4 h5 14. Bf4 Qd8
15. Ne5 Nbd7 16. Nxg6 fxg6 17. Bg5 Qa5 18. g4 Bb4 19. a3 Bxc3 20. Qxc3 Qxc3 21.
bxc3 Nxg4 22. Bxg4 hxg4 23. Rhg1 Rxf2 24. Rxg4 Re8 25. Re1 e3 26. Rxe3 Rxe3 27.
Bxe3 Nf6 28. Bxf2 Nxg4 29. Bg3 Kf7 30. Kd2 Ke6 31. Kd3 Nh6 32. c4 Nf5 33. Bf2
a6 34. c5 Kd5 35. c4+ Ke6 36. Ke4 Nh6 37. d5+ Kd7 38. Kf4 Nf5 39. Kg5 Ne7 40.
d6 Nf5 41. Kxg6 Ke6 42. h5 a5 43. a4 {Normal} 1-0

[Event "Rated Blitz game"]
[Site "?"]
[Date "2021.03.01"]
[Round "?"]
[White "BEAST_MODE_ON"]
[Black "KamranShirazi"]
[Result "0-1"]
[WhiteElo "2483"]
[BlackElo "2493"]
[PlyCount "74"]
[EventDate "2021.??.??"]
[EventType "blitz"]

1. e4 e5 2. Nf3 d5 3. exd5 e4 4. Ne5 Qxd5 5. d4 exd3 6. Nxd3 Bd6 7. Nc3 Qf5 8.
g3 Nc6 9. Bg2 Be6 10. O-O Nf6 11. Nb5 Rd8 12. Nxd6+ Rxd6 13. Bf4 Rd7 14. Re1
O-O 15. h3 h6 16. Qc1 Rfd8 17. Ne5 Nxe5 18. Rxe5 Rd1+ 19. Qxd1 Rxd1+ 20. Rxd1
Qxc2 21. Rde1 Qxb2 22. R5e2 Qb6 23. g4 c6 24. Be5 Nd5 25. Kh1 Qa5 26. f4 Nc3
27. Re3 Nb5 28. f5 Bxa2 29. Bb2 Bd5 30. Bxd5 cxd5 31. Re8+ Kh7 32. R8e7 d4 33.
f6 Qa2 34. Bc1 gxf6 35. Rf1 Kg7 36. Re4 Qd5 37. Rfe1 Nd6 {Normal} 0-1

[Event "Rated Blitz game"]
[Site "?"]
[Date "2021.03.01"]
[Round "?"]
[White "Samy1975"]
[Black "turkish_whip"]
[Result "1/2-1/2"]
[WhiteElo "2417"]
[BlackElo "2409"]
[PlyCount "81"]
[EventDate "2021.??.??"]
[EventType "blitz"]

1. e4 e5 2. Nf3 d5 3. exd5 e4 4. Qe2 Nf6 5. d3 Qxd5 6. Nc3 Bb4 7. Bd2 Bxc3 8.
Bxc3 O-O 9. dxe4 Nxe4 10. Rd1 Nxc3 11. Rxd5 Nxd5 12. g3 Bg4 13. Bg2 Nc6 14. O-O
Rad8 15. Qc4 Nf6 16. Qb3 b6 17. Re1 Nd4 18. Nxd4 Rxd4 19. h3 Be6 20. Qc3 c5 21.
Kh2 Rfd8 22. Re2 a5 23. b3 g6 24. Bf3 h5 25. Kg2 Kg7 26. Qe3 a4 27. Qe5 axb3
28. axb3 R8d6 29. g4 hxg4 30. hxg4 Bxg4 31. Re3 Bxf3+ 32. Rxf3 Re6 33. Qc7 Rde4
34. Qb8 Re2 35. Rh3 Nh5 36. Kf3 Rxc2 37. Rh1 Rf6+ 38. Ke4 Rcxf2 39. Kd5 R2f4
40. Re1 Rd4+ 41. Ke5 {Normal} 1/2-1/2

[Event "Rated Blitz game"]
[Site "?"]
[Date "2021.03.01"]
[Round "?"]
[White "hima_saber80"]
[Black "KamranShirazi"]
[Result "0-1"]
[WhiteElo "2455"]
[BlackElo "2552"]
[PlyCount "82"]
[EventDate "2021.??.??"]
[EventType "blitz"]

1. e4 e5 2. Nf3 d5 3. d4 dxe4 4. Nxe5 Nc6 5. Nxc6 bxc6 6. Bc4 Bd6 7. O-O Nf6 8.
Bg5 Bf5 9. Nc3 h6 10. Bh4 O-O 11. Re1 Re8 12. Bg3 Rb8 13. Bb3 Bxg3 14. hxg3 Rb4
15. Ne2 e3 16. f3 Qd6 17. c3 Rbb8 18. Nf4 g5 19. Ne2 h5 20. Bc2 Bd7 21. b4 h4
22. gxh4 gxh4 23. Qd3 Kg7 24. a3 Rh8 25. Qxe3 Rbg8 26. Qf4 Kf8 27. Qxd6+ cxd6
28. Kf2 h3 29. g3 h2 30. Rh1 Rh3 31. Nf4 Rhxg3 32. Rxh2 R3g5 33. Rah1 Be6 34.
Rh8 Bc4 35. R1h6 Ke7 36. Rxg8 Rxg8 37. Nh5 Nd7 38. Rh7 Nf8 39. Rh6 Ne6 40. Ke3
Rg2 41. Bf5 Re2# {Normal} 0-1

[Event "Rated Blitz game"]
[Site "?"]
[Date "2021.03.01"]
[Round "?"]
[White "Sidorenko44457"]
[Black "jsequera"]
[Result "1-0"]
[WhiteElo "2271"]
[BlackElo "2431"]
[PlyCount "89"]
[EventDate "2021.??.??"]
[EventType "blitz"]

1. e4 e5 2. Nf3 d5 3. exd5 e4 4. Qe2 f5 5. d3 Nf6 6. Nc3 Bb4 7. dxe4 Bxc3+ 8.
bxc3 fxe4 9. c4 O-O 10. Nd4 Nc6 11. Bb2 Ne5 12. h3 c6 13. dxc6 bxc6 14. O-O-O
Qa5 15. Nb3 Qc7 16. Qe3 Bf5 17. g4 Bg6 18. Qg3 Rfe8 19. Be2 a5 20. g5 Nh5 21.
Bxh5 Bxh5 22. Rde1 Bf3 23. Rhg1 a4 24. Nd4 a3 25. Bc3 Qb6 26. Nb3 Nxc4 27. Qf4
Rf8 28. Qh4 Rad8 29. g6 h6 30. Qe7 Ne5 31. Qxe5 Rf6 32. Qe7 Rdf8 33. Bxf6 Rxf6
34. Qe8+ Rf8 35. Qe6+ Kh8 36. Re3 Qb4 37. Rd1 c5 38. c3 Qb5 39. c4 Qb4 40. Rd2
Bg2 41. h4 Bf3 42. Qe7 Qb8 43. Qxc5 Qf4 44. Rd7 Bh5 45. Qd4 {Time forfeit} 1-0

[Event "Rated Blitz game"]
[Site "?"]
[Date "2021.03.01"]
[Round "?"]
[White "Grandstodge"]
[Black "magos33"]
[Result "0-1"]
[WhiteElo "2419"]
[BlackElo "2364"]
[PlyCount "120"]
[EventDate "2021.??.??"]
[EventType "blitz"]

1. e4 e5 2. Nf3 d5 3. exd5 e4 4. Qe2 Nf6 5. d3 Qxd5 6. Nbd2 Bg4 7. dxe4 Qd7 8.
h3 Bxf3 9. Nxf3 Nc6 10. Bd2 O-O-O 11. O-O-O Qe8 12. e5 Nd7 13. Bc3 Bc5 14. g4
Qe7 15. Bg2 Rhe8 16. Rhe1 Bb4 17. Bxb4 Qxb4 18. a3 Qf4+ 19. Qd2 Qxd2+ 20. Rxd2
Ndxe5 21. Rxd8+ Kxd8 22. Nxe5 Rxe5 23. Rxe5 Nxe5 24. Bxb7 c6 25. b3 Kc7 26. Ba6
Kd6 27. Bd3 h6 28. Kd2 g5 29. Ke3 Ke6 30. Be4 c5 31. f4 gxf4+ 32. Kxf4 f6 33.
Ke3 a5 34. Kd2 Nf7 35. Kc3 Ng5 36. Bg2 Ke5 37. Kc4 Kf4 38. Kxc5 Kg3 39. Bf1 Kf2
40. Bd3 Nxh3 41. b4 axb4 42. axb4 Nf4 43. b5 Kg3 44. b6 Ne6+ 45. Kd6 Nd8 46.
Kc7 Ne6+ 47. Kd6 Nd8 48. Bf5 Kf4 49. Kc7 Nf7 50. b7 h5 51. b8=Q hxg4 52. Kd7+
Kxf5 53. Ke7 Ne5 54. Qc8+ Kf4 55. c4 g3 56. c5 g2 57. Qg8 Ng4 58. Kd6 g1=Q 59.
c6 Qd4+ 60. Kc7 Qe5+ {Time forfeit} 0-1

[Event "Rated Blitz tournament 1NjSkiVv"]
[Site "?"]
[Date "2021.03.01"]
[Round "?"]
[White "AF_BKD"]
[Black "om_gendut"]
[Result "1-0"]
[WhiteElo "2300"]
[BlackElo "2407"]
[PlyCount "97"]
[EventDate "2021.??.??"]
[EventType "blitz"]

1. e4 e5 2. Nf3 d5 3. exd5 e4 4. Qe2 Be7 5. Qxe4 Nf6 6. Qe2 O-O 7. d3 Nxd5 8.
Nc3 Bb4 9. Qd2 Re8+ 10. Be2 Qf6 11. d4 c6 12. O-O Nxc3 13. bxc3 Bxc3 14. Qxc3
Rxe2 15. Qd3 Re8 16. Ba3 Bf5 17. Qb3 b5 18. Rfe1 Be6 19. Qc3 a5 20. Bb2 b4 21.
Qc5 Nd7 22. Qxc6 Rac8 23. Qa4 Nb6 24. Qb5 Nc4 25. d5 Qxb2 26. dxe6 fxe6 27. h3
Qf6 28. Rad1 Na3 29. Qb7 Rcd8 30. Rxd8 Rxd8 31. Qa6 Re8 32. Qxa5 Nxc2 33. Re2
Nd4 34. Nxd4 Qxd4 35. Re1 Qc3 36. Rf1 Rf8 37. Qa6 Qf6 38. Qb5 Kh8 39. Re1 h6
40. Qxb4 Qf7 41. Re2 Qf6 42. Re3 Qf7 43. Rf3 Rg8 44. Rxf7 Re8 45. Qb6 Kh7 46.
Rxg7+ Kh8 47. Qc7 Re7 48. Qd8+ Re8 49. Rh7+ {Time forfeit} 1-0

[Event "Rated Blitz game"]
[Site "?"]
[Date "2021.03.01"]
[Round "?"]
[White "Henchard"]
[Black "KamranShirazi"]
[Result "1/2-1/2"]
[WhiteElo "2585"]
[BlackElo "2520"]
[PlyCount "147"]
[EventDate "2021.??.??"]
[EventType "blitz"]

1. e4 e5 2. Nf3 d5 3. Nxe5 Bd6 4. d4 dxe4 5. Nc3 Bxe5 6. dxe5 Qxd1+ 7. Nxd1 Nc6
8. Bf4 Nd4 9. Ne3 Bd7 10. O-O-O Ne6 11. Bg3 O-O-O 12. Bc4 Ne7 13. Rhe1 h5 14.
h4 Bc6 15. c3 Rxd1+ 16. Rxd1 Rd8 17. Rxd8+ Kxd8 18. Be2 g6 19. Kc2 Ng7 20. Bf4
Ne6 21. Bg5 Nxg5 22. hxg5 Ba4+ 23. b3 Bd7 24. g3 Nc6 25. f4 exf3 26. Bxf3 Nxe5
27. Bxb7 c6 28. Ba6 Nf3 29. Nc4 Nxg5 30. Ne5 Bf5+ 31. Kb2 Kc7 32. Bc4 f6 33.
Nf7 Nxf7 34. Bxf7 Kd6 35. b4 Ke7 36. Bc4 Be6 37. Bd3 g5 38. c4 h4 39. gxh4 gxh4
40. Kc3 h3 41. Be4 Kd6 42. Kd4 f5 43. Bf3 h2 44. a4 f4 45. a5 c5+ 46. bxc5+ Kc7
47. c6 Bf7 48. Ke4 Be8 49. Kxf4 Bxc6 50. Kg3 Bxf3 51. Kxh2 Be2 52. Kg3 Kc6 53.
Kf2 Bxc4 54. Ke3 Kc5 55. Kd2 Kb4 56. Kc2 Ka3 57. Kb1 Bb3 58. Ka1 Ba2 59. a6 Bc4
60. Kb1 Kb3 61. Ka1 Bb5 62. Kb1 Ba4 63. Ka1 Bb5 64. Kb1 Bxa6 65. Ka1 Bb5 66.
Kb1 Bd3+ 67. Ka1 Bc4 68. Kb1 a5 69. Ka1 a4 70. Kb1 a3 71. Ka1 Bb5 72. Kb1 a2+
73. Ka1 Kc3 74. Kxa2 {Normal} 1/2-1/2

[Event "Rated Blitz game"]
[Site "?"]
[Date "2021.03.01"]
[Round "?"]
[White "hima_saber80"]
[Black "KamranShirazi"]
[Result "1-0"]
[WhiteElo "2445"]
[BlackElo "2561"]
[PlyCount "79"]
[EventDate "2021.??.??"]
[EventType "blitz"]

1. e4 e5 2. Nf3 d5 3. d4 dxe4 4. Nxe5 Nd7 5. Qe2 Nxe5 6. dxe5 f5 7. exf6 Nxf6
8. Nc3 Be7 9. Bg5 O-O 10. Rd1 Qe8 11. Qc4+ Kh8 12. Qxc7 Bg4 13. Rd4 Rc8 14. Qg3
Bc5 15. Rc4 Bh5 16. Be3 Bxe3 17. fxe3 Rxc4 18. Bxc4 Qc6 19. Bb3 Qa6 20. Kd2 h6
21. h3 Bf7 22. Rd1 Bxb3 23. axb3 Nh5 24. Qe1 Rd8+ 25. Kc1 Qa1+ 26. Nb1 Rc8 27.
Qe2 Nf6 28. g4 a5 29. h4 a4 30. bxa4 Qxa4 31. g5 Ng8 32. Nc3 Qa1+ 33. Nb1 Qa4
34. g6 Qc6 35. Nc3 Qxg6 36. Kb1 Nf6 37. Qb5 Rxc3 38. bxc3 Qg4 39. Rd8+ Kh7 40.
h5 {Time forfeit} 1-0

[Event "Rated Blitz game"]
[Site "?"]
[Date "2021.03.01"]
[Round "?"]
[White "lugoking"]
[Black "magos33"]
[Result "1-0"]
[WhiteElo "2432"]
[BlackElo "2371"]
[PlyCount "99"]
[EventDate "2021.??.??"]
[EventType "blitz"]

1. e4 e5 2. Nf3 d5 3. exd5 e4 4. Ne5 Qxd5 5. Nc4 Nf6 6. Ne3 Qe5 7. d3 exd3 8.
Bxd3 Nc6 9. O-O Bd6 10. g3 O-O 11. Nc4 Qe6 12. Re1 Qh3 13. Bf1 Qf5 14. Nxd6
cxd6 15. Qxd6 Qxc2 16. Bg5 Ne4 17. Qf4 Qxb2 18. Qxe4 Qxa1 19. Bc4 Qd4 20. Qc2
Bf5 21. Qxf5 Qxc4 22. Nd2 Qxa2 23. Nf3 Rfe8 24. Rb1 b6 25. Rc1 Nb4 26. Bf4 Qe6
27. Qh5 Qe2 28. Re1 Qc2 29. Rc1 Qg6 30. Qb5 Nd3 31. Rc6 Nxf4 32. Rxg6 Nxg6 33.
Ng5 h6 34. Nf3 Rad8 35. Nh4 Nxh4 36. gxh4 Re6 37. Qa6 Rf6 38. Kg2 Rd7 39. Qc8+
Kh7 40. Qxd7 Rg6+ 41. Kf1 Rf6 42. h5 g6 43. Qd3 Rf5 44. hxg6+ Kxg6 45. Qe3 Kf6
46. Qg3 Rg5 47. Qf3+ Kg6 48. Qe3 Rf5 49. Qd3 h5 50. Qc3 {Time forfeit} 1-0

[Event "Rated Blitz game"]
[Site "?"]
[Date "2021.03.01"]
[Round "?"]
[White "hima_saber80"]
[Black "KamranShirazi"]
[Result "1/2-1/2"]
[WhiteElo "2448"]
[BlackElo "2559"]
[PlyCount "154"]
[EventDate "2021.??.??"]
[EventType "blitz"]

1. e4 e5 2. Nf3 d5 3. d4 dxe4 4. Nxe5 Nd7 5. Qe2 Ngf6 6. Nc3 Bb4 7. Bd2 Bxc3 8.
Bxc3 O-O 9. Qd2 Nd5 10. Bc4 Nxc3 11. Qxc3 Nxe5 12. dxe5 Qg5 13. O-O Bg4 14. Kh1
Rae8 15. h3 Bh5 16. e6 fxe6 17. Rae1 Bg6 18. Bb3 c6 19. Kg1 Kh8 20. Re3 Rf4 21.
Rg3 Qf6 22. Qe3 Rf8 23. Qxa7 b5 24. Qc5 Qxb2 25. Qxc6 Qe5 26. Qxe6 Qd4 27. Rxg6
hxg6 28. Qxg6 R4f6 29. Qh5+ Rh6 30. Qxb5 e3 31. fxe3 Qxe3+ 32. Kh2 Rxf1 33.
Qxf1 Qe5+ 34. Kg1 Rf6 35. Qd3 Qc5+ 36. Kh2 Qc7+ 37. Qg3 Qb6 38. c4 Rg6 39. Qh4+
Rh6 40. Qg3 Qc5 41. Qb8+ Kh7 42. Bc2+ g6 43. Qb7+ Kh8 44. Qb8+ Kg7 45. Qb7+ Kf6
46. Qf3+ Ke7 47. Qe4+ Kd6 48. Qf4+ Qe5 49. Qxe5+ Kxe5 50. Bb3 Kd4 51. Kg3 g5
52. Kg4 Rh8 53. g3 Kc5 54. Kxg5 Rxh3 55. Kf4 Rh2 56. g4 Rf2+ 57. Kg5 Rg2 58.
Kf5 Rf2+ 59. Kg6 Kd6 60. g5 Ke7 61. c5 Rf4 62. c6 Kd6 63. Kh7 Rh4+ 64. Kg7 Kxc6
65. g6 Kc5 66. Kg8 Rd4 67. g7 Rd7 68. Kh7 Rd5 69. Kh8 Rd6 70. g8=Q Rh6+ 71. Qh7
Rxh7+ 72. Kxh7 Kb4 73. Kh6 Ka3 74. Kh5 Kb2 75. Kh6 Ka3 76. Kh5 Kb4 77. Kh6 Ka3
{Normal} 1/2-1/2

[Event "Rated Blitz game"]
[Site "?"]
[Date "2021.03.01"]
[Round "?"]
[White "nmiq"]
[Black "jsequera"]
[Result "1-0"]
[WhiteElo "2440"]
[BlackElo "2423"]
[PlyCount "47"]
[EventDate "2021.??.??"]
[EventType "blitz"]

1. e4 e5 2. Nf3 d5 3. exd5 e4 4. Qe2 f5 5. d3 Nf6 6. Bg5 Be7 7. Bxf6 Bxf6 8. c3
O-O 9. dxe4 fxe4 10. Nfd2 Bf5 11. g4 Bg6 12. Bg2 Nd7 13. Nxe4 Bh4 14. Nbd2 Ne5
15. c4 Kh8 16. O-O Qd7 17. h3 Rae8 18. f4 Qe7 19. fxe5 Rxf1+ 20. Rxf1 Qxe5 21.
b3 h6 22. Nf3 Qxe4 23. Qxe4 Bxe4 24. Nxh4 {Normal} 1-0

[Event "Rated Blitz game"]
[Site "?"]
[Date "2021.03.01"]
[Round "?"]
[White "Prettyfly"]
[Black "KamranShirazi"]
[Result "0-1"]
[WhiteElo "2541"]
[BlackElo "2468"]
[PlyCount "114"]
[EventDate "2021.??.??"]
[EventType "blitz"]

1. e4 e5 2. Nf3 d5 3. Nc3 dxe4 4. Nxe5 Qd4 5. Nc4 Be6 6. Ne3 f5 7. Nb5 Qe5 8.
Nc4 Bxc4 9. Bxc4 c6 10. Nc3 Nf6 11. O-O Bd6 12. g3 Nbd7 13. d4 Qe7 14. f3 O-O-O
15. Be3 f4 16. Bxf4 Bxf4 17. gxf4 e3 18. Qe2 Nb6 19. Rad1 Qb4 20. Be6+ Kb8 21.
Qxe3 Rhe8 22. f5 Nc4 23. Qf4+ Nd6 24. Ne4 g5 25. Qe5 Nfxe4 26. fxe4 Ka8 27. b3
Qc3 28. Rf2 Nb5 29. Qg3 Rxd4 30. Rxd4 Qxg3+ 31. hxg3 Nxd4 32. Bc4 g4 33. f6
Nf3+ 34. Kg2 Rf8 35. f7 Kb8 36. Rxf3 gxf3+ 37. Kxf3 Kc7 38. Kf4 Kd6 39. e5+ Ke7
40. a4 b5 41. axb5 cxb5 42. Bd5 b4 43. e6 Rd8 44. Ke5 Rc8 45. g4 Rxc2 46. Be4
Re2 47. g5 a5 48. Kf4 Rf2+ 49. Ke3 Rb2 50. Bxh7 Rxb3+ 51. Kf4 Rg3 52. Kf5 Rxg5+
53. Kxg5 b3 54. Kg6 b2 55. Kg7 Kd6 56. f8=Q+ Kxe6 57. Qf6+ Kd5 {Time forfeit}
0-1

[Event "Rated Blitz game"]
[Site "?"]
[Date "2021.03.01"]
[Round "?"]
[White "Zylfi"]
[Black "jsequera"]
[Result "0-1"]
[WhiteElo "2291"]
[BlackElo "2415"]
[PlyCount "74"]
[EventDate "2021.??.??"]
[EventType "blitz"]

1. e4 e5 2. Nf3 d5 3. Nxe5 Bd6 4. d4 dxe4 5. Bc4 Bxe5 6. dxe5 Qxd1+ 7. Kxd1 Nc6
8. c3 Nxe5 9. Bd5 Nf6 10. Bb3 Bf5 11. h3 O-O-O+ 12. Ke2 Rd7 13. Be3 Nd3 14. g4
Nxg4 15. hxg4 Bxg4+ 16. Kf1 h5 17. Nd2 Re7 18. Bc2 f5 19. Bg5 Rd7 20. Bb3 Re8
21. Nc4 f4 22. Rh4 Kb8 23. Rb1 Rd5 24. Bxf4 Nxf4 25. Ne3 Rg5 26. Nxg4 hxg4 27.
Rd1 a5 28. Bf7 Rf8 29. Bb3 e3 30. Rh2 e2+ 31. Ke1 exd1=Q+ 32. Bxd1 Nd3+ 33. Ke2
Rf3 34. Bc2 Re5+ 35. Kd1 Nxf2+ 36. Kd2 g3 37. Rh8+ Ka7 {Normal} 0-1

[Event "Rated Blitz tournament y6bumeJ7"]
[Site "?"]
[Date "2021.02.28"]
[Round "?"]
[White "RomChartres"]
[Black "Mewii2021"]
[Result "0-1"]
[WhiteElo "2483"]
[BlackElo "2387"]
[PlyCount "126"]
[EventDate "2021.??.??"]
[EventType "blitz"]

1. e4 e5 2. Nf3 d5 3. Nxe5 Bd6 4. d4 dxe4 5. Nc4 Nf6 6. Nc3 O-O 7. Bg5 Re8 8.
Be2 Nc6 9. Nxd6 Qxd6 10. Be3 a6 11. a3 Bf5 12. h3 Rad8 13. g4 Bg6 14. g5 Nd5
15. Nxd5 Qxd5 16. c4 Qd7 17. Bg4 Bf5 18. d5 Ne5 19. Be2 Nd3+ 20. Bxd3 exd3 21.
Kd2 b5 22. Qb3 Rb8 23. c5 Red8 24. h4 Be4 25. Rhg1 Bxd5 26. Qxd3 Qe6 27. Bd4
Be4 28. Qc3 Rd5 29. Rad1 Rbd8 30. Kc1 Qd7 31. f3 Bf5 32. Rge1 h6 33. gxh6 Rxd4
34. Rxd4 Qxd4 35. Re8+ Kh7 36. Qxd4 Rxd4 37. hxg7 Kxg7 38. Re7 Rc4+ 39. Kd2
Rxc5 40. Ke3 Be6 41. f4 Kf6 42. Re8 Rh5 43. Ra8 Rxh4 44. Rxa6 Rh3+ 45. Kd2 Rf3
46. Rc6 Rxf4 47. Rxc7 Ke5 48. Rc5+ Bd5 49. Rxb5 Rf2+ 50. Kc3 f5 51. a4 f4 52.
a5 Rf1 53. Rb8 f3 54. Re8+ Be6 55. Kd2 Kd6 56. Ke3 Bd5 57. Rd8+ Kc5 58. b4+ Kc4
59. a6 Re1+ 60. Kf2 Re2+ 61. Kf1 Ra2 62. Rd6 Be4 63. Rb6 Bd3+ {Normal} 0-1

[Event "Rated Blitz game"]
[Site "?"]
[Date "2021.02.28"]
[Round "?"]
[White "Chesstomioka"]
[Black "Schachelite"]
[Result "1-0"]
[WhiteElo "2512"]
[BlackElo "2475"]
[PlyCount "21"]
[EventDate "2021.??.??"]
[EventType "blitz"]

1. e4 e5 2. Nf3 d5 3. exd5 e4 4. Nd4 Qxd5 5. Nb3 Bd6 6. Nc3 Qe5 7. Qe2 Nf6 8.
d3 Bf5 9. d4 Qe7 10. Qb5+ Nbd7 11. Qxf5 {Normal} 1-0

[Event "Rated Blitz tournament WiIlymZe"]
[Site "?"]
[Date "2021.02.28"]
[Round "?"]
[White "Kleerkast"]
[Black "Artem_0degov"]
[Result "0-1"]
[WhiteElo "2298"]
[BlackElo "2525"]
[PlyCount "48"]
[EventDate "2021.??.??"]
[EventType "blitz"]

1. e4 e5 2. Nf3 d5 3. exd5 e4 4. Nd4 Nf6 5. Nc3 Bd6 6. d3 O-O 7. dxe4 Re8 8. f3
Nh5 9. Be3 c5 10. dxc6 Nxc6 11. Nxc6 bxc6 12. Qd2 Qe7 13. O-O-O Be5 14. Bd4 Bf4
15. Be3 Bc7 16. g4 Nf6 17. h4 Be6 18. h5 Red8 19. Qf2 Qb4 20. Bd3 Rab8 21. Bd4
Qxb2+ 22. Kd2 Bf4+ 23. Ke2 c5 24. Nb5 cxd4 {Normal} 0-1

[Event "Rated Blitz tournament l62iypho"]
[Site "?"]
[Date "2021.02.28"]
[Round "?"]
[White "Drsexmachinee"]
[Black "Jenlen3001"]
[Result "0-1"]
[WhiteElo "2457"]
[BlackElo "2605"]
[PlyCount "76"]
[EventDate "2021.??.??"]
[EventType "blitz"]

1. e4 e5 2. Nf3 d5 3. exd5 e4 4. Qe2 Nf6 5. d3 Qxd5 6. c3 Be7 7. dxe4 Nxe4 8.
Nbd2 Nf6 9. Nc4 O-O 10. Ne3 Qa5 11. Bd2 Re8 12. Qb5 Qxb5 13. Bxb5 c6 14. Bc4
Bc5 15. O-O Ne4 16. Rae1 Nd7 17. Ng4 Nb6 18. Bxf7+ Kxf7 19. Nge5+ Kg8 20. Rxe4
Bf5 21. Ree1 Nd5 22. b4 Bd6 23. Nc4 Bc7 24. Rxe8+ Rxe8 25. Re1 Rd8 26. h3 h6
27. a4 Bc2 28. Re7 Nxe7 29. Ne3 Bxa4 30. c4 Rxd2 31. Nxd2 a5 32. bxa5 Bxa5 33.
Nf3 Bc7 34. Nd4 c5 35. Ne2 Bc6 36. Nc2 Be5 37. Ne3 b5 38. Nc3 Bxc3 {Normal} 0-1

[Event "Rated Blitz tournament 4Hc2Y0Wq"]
[Site "?"]
[Date "2021.02.28"]
[Round "?"]
[White "Evan-chess"]
[Black "KrAKeN_1"]
[Result "0-1"]
[WhiteElo "2313"]
[BlackElo "2457"]
[PlyCount "82"]
[EventDate "2021.??.??"]
[EventType "blitz"]

1. e4 e5 2. Nf3 d5 3. exd5 e4 4. Nd4 Qxd5 5. Nb3 Qe5 6. Nc3 Bd6 7. Be2 Nf6 8.
d3 exd3 9. Qxd3 O-O 10. Be3 Bf5 11. Qd2 Nc6 12. O-O-O Rad8 13. f4 Qe7 14. Nd4
Nxd4 15. Bxd4 Bb4 16. Qe3 Qxe3+ 17. Bxe3 Bxc3 18. bxc3 Nd5 19. Bd4 b6 20. Bf3
c6 21. Be5 f6 22. Bxd5+ cxd5 23. Bd4 Be4 24. Rd2 Rc8 25. Re1 Rc4 26. Bf2 f5 27.
Bd4 Rfc8 28. Kb2 Ra4 29. h3 b5 30. g4 g6 31. gxf5 gxf5 32. Rg1+ Kf8 33. Rg3 b4
34. Kb3 Ra3+ 35. Kxb4 Rxa2 36. Bc5+ Kf7 37. Kb3 Ra5 38. Bb4 Rb5 39. Ka4 Rcb8
40. Rd1 a5 41. Ba3 Bxc2# {Normal} 0-1

[Event "Rated Blitz game"]
[Site "?"]
[Date "2021.02.28"]
[Round "?"]
[White "OlegKas222"]
[Black "Schachelite"]
[Result "1-0"]
[WhiteElo "2452"]
[BlackElo "2464"]
[PlyCount "37"]
[EventDate "2021.??.??"]
[EventType "blitz"]

1. e4 e5 2. Nf3 d5 3. Nxe5 Bd6 4. d4 dxe4 5. Nc4 Nf6 6. Nc3 O-O 7. Be2 Nc6 8.
Be3 Ne7 9. Nxd6 Qxd6 10. f3 Ned5 11. Bg5 exf3 12. Bxf3 Re8+ 13. Kf2 Nxc3 14.
bxc3 Ne4+ 15. Bxe4 Rxe4 16. Qf3 Qg6 17. Rae1 Bg4 18. Qxe4 Qxg5 19. Qe8+ {Normal
} 1-0

[Event "Rated Blitz game"]
[Site "?"]
[Date "2021.02.28"]
[Round "?"]
[White "Litke76"]
[Black "pasha1984"]
[Result "0-1"]
[WhiteElo "2379"]
[BlackElo "2406"]
[PlyCount "60"]
[EventDate "2021.??.??"]
[EventType "blitz"]

1. e4 e5 2. Nf3 d5 3. exd5 e4 4. Ne5 Qxd5 5. d4 exd3 6. Nxd3 Bf5 7. Nc3 Qe6+ 8.
Be2 Nc6 9. O-O O-O-O 10. Be3 Nf6 11. Qc1 Nd5 12. Nxd5 Qxd5 13. Bf3 Be4 14. Bxe4
Qxe4 15. Re1 Qh4 16. a3 Bd6 17. g3 Qh3 18. b4 h5 19. b5 Na5 20. Re2 Nc4 21. Qf1
Qxf1+ 22. Kxf1 Nxa3 23. Bc1 Nxb5 24. c4 Nd4 25. Rb2 Nc6 26. Be3 Bxg3 27. Nc5
Be5 28. Rxa7 Nxa7 29. Rxb7 Nc6 30. Rb3 Bd4 {Normal} 0-1

[Event "Rated Blitz game"]
[Site "?"]
[Date "2021.02.28"]
[Round "?"]
[White "FlinkerFreddy"]
[Black "Schachelite"]
[Result "0-1"]
[WhiteElo "2428"]
[BlackElo "2470"]
[PlyCount "74"]
[EventDate "2021.??.??"]
[EventType "blitz"]

1. e4 e5 2. Nf3 d5 3. Nc3 d4 4. Ne2 Nc6 5. Ng3 Bd6 6. Bc4 Na5 7. Bb5+ c6 8. Ba4
b5 9. Bb3 Nxb3 10. axb3 Ne7 11. O-O O-O 12. d3 Ng6 13. Nf5 Bxf5 14. exf5 Ne7
15. Nh4 Nd5 16. g3 Be7 17. Nf3 Bf6 18. Re1 Re8 19. Nd2 Qd7 20. Qf3 Nb4 21. Ne4
Nxc2 22. Nxf6+ gxf6 23. Bh6 Kh8 24. Qg4 Rg8 25. Qh4 Qxf5 26. Rec1 Nxa1 27. Rxa1
Rg4 28. Qh3 Rag8 29. Kg2 Qxd3 30. Rxa7 Qxb3 31. Re7 Qd5+ 32. f3 d3 33. Kf2 d2
34. fxg4 d1=Q 35. Bg7+ Kxg7 36. Rxf7+ Kxf7 37. Qxh7+ Rg7 {Time forfeit} 0-1